| Поле | Инд. | ПП | Название | Значение |
|---|---|---|---|---|
| Тип записи | a | |||
| Библиографический уровень | a | |||
| 001 | Контрольный номер | 2b8a62410e834c029a8962a2be9251f8 | ||
| 005 | Дата корректировки | 20190127081242.7 | ||
| 100 | a | Данные общей обработки | 20181224 ||| 0rusy0189 ca | |
| 101 | 0_ | a | Язык текста | rus |
| 102 | a | Страна публикации | RU | |
| 200 | 1_ | f | Первые сведения об ответственности | С.Н. Смирнов |
| a | Заглавие | К вопросу о первых этапах генезиса конституционного статуса личности в России. Отечественный опыт в контексте конституционной практики зарубежных стран | ||
| b | Общее обозначение материала | Текст | ||
| 210 | 1_ | d | Дата издания | 2018 |
| 461 | _0 | 1 | 2000 | |
| a | Закон и право | |||
| 463 | _0 | 1 | 2000 | |
| a | № 10 | |||
| v | С. 34-41 | |||
| 1 | 2101 | |||
| d | 2018 | |||
| 1 | 001b258fa7bd4384b36883885c5c579215b | |||
| 606 | a | Основная рубрика | История государства и права | |
| 610 | 0_ | a | Ключевые слова | КОНСТИТУЦИОННОЕ ПРАВО |
| a | Ключевые слова | КОНСТИТУЦИОННОЕ ПРАВО ЗАРУБЕЖНЫХ СТРАН | ||
| a | Ключевые слова | ПРАВА ЧЕЛОВЕКА | ||
| a | Ключевые слова | СТАТУС ПРАВОВОЙ | ||
| 700 | _1 | a | Фамилия | Смирнов |
| b | Имя | С.Н. | ||
| 801 | _0 | a | Страна | RU |
| b | Организация | РГУП | ||
| c | Дата составления | 20181224 | ||
| g | Правила каталогизации | PSBO | ||
| 801 | _1 | a | Страна | RU |
| b | Организация | РГУП | ||
| c | Дата составления | 20181224 | ||
| g | Правила каталогизации | PSBO | ||
| 901 | t | Тип документа | b | |
| w | Контрольный № источника | b258fa7bd4384b36883885c5c579215b | ||
| 905 | a | Дата ввода | 20181224 |